Normal view
MARC view
Entry Topical Term
001 - CONTROL NUMBER
- control field: 20843
003 - CONTROL NUMBER IDENTIFIER
- control field: OSt
005 - DATE AND TIME OF LATEST TRANSACTION
- control field: 20210125114753.0
008 - FIXED-LENGTH DATA ELEMENTS
- fixed length control field: 210125|| aca||aabn | a|a d
040 ## - CATALOGING SOURCE
- Original cataloging agency: OSt
- Transcribing agency: OSt
150 ## - HEADING--TOPICAL TERM
- Topical term or geographic name entry element: Role of Economists; Market for Economists, Sociology of Economics
670 ## - SOURCE DATA FOUND
- Source citation: Work cat.: (OSt)514459: Angrist, Josh, et al 20842, Inside job or deep impact? Extramural citations and the influence of economic scholarship
